<?xml version="1.0" encoding="UTF-8"?>
<record
    xmlns:xsi="http://www.w3.org/2001/XMLSchema-instance"
    xsi:schemaLocation="http://www.loc.gov/MARC21/slim http://www.loc.gov/standards/marcxml/schema/MARC21slim.xsd"
    xmlns="http://www.loc.gov/MARC21/slim">

  <leader>00775nam a2200205 a 4500</leader>
  <controlfield tag="001">BRCA_6079</controlfield>
  <controlfield tag="005">20190320205327.0</controlfield>
  <controlfield tag="008">170608s1996----mx-a---###---#000-0#spa-#</controlfield>
  <datafield tag="050" ind1=" " ind2="4">
    <subfield code="a">G1549</subfield>
    <subfield code="b">.U55 1996</subfield>
  </datafield>
  <datafield tag="100" ind1="1" ind2=" ">
    <subfield code="a">Unikel Santoncini, Fanny</subfield>
    <subfield code="9">15368</subfield>
  </datafield>
  <datafield tag="245" ind1="1" ind2="0">
    <subfield code="a">Conservaci&#xF3;n preventiva de documentos cartogr&#xE1;ficos elaborados en papel.</subfield>
  </datafield>
  <datafield tag="260" ind1=" " ind2=" ">
    <subfield code="a">Ciudad de M&#xE9;xico</subfield>
    <subfield code="c">1996</subfield>
  </datafield>
  <datafield tag="300" ind1=" " ind2=" ">
    <subfield code="a">122 p.</subfield>
    <subfield code="b">il.</subfield>
  </datafield>
  <datafield tag="502" ind1=" " ind2=" ">
    <subfield code="a">Tesis Licenciatura (Licenciada en Restauraci&#xF3;n de Bienes Muebles) Escuela Nacional de Conservaci&#xF3;n, Restauraci&#xF3;n y Museograf&#xED;a &#xB4;Manuel del Castillo Negrete&#xB4;</subfield>
  </datafield>
  <datafield tag="650" ind1="1" ind2="4">
    <subfield code="a">Cartograf&#xED;a</subfield>
    <subfield code="x">Conservaci&#xF3;n y restauraci&#xF3;n</subfield>
    <subfield code="9">15369</subfield>
  </datafield>
  <datafield tag="650" ind1="1" ind2="4">
    <subfield code="a">Mapas</subfield>
    <subfield code="9">10484</subfield>
  </datafield>
  <datafield tag="700" ind1="1" ind2=" ">
    <subfield code="a">Galv&#xE1;n Madrid, Jos&#xE9; Luis</subfield>
    <subfield code="e">asesor</subfield>
    <subfield code="9">15370</subfield>
  </datafield>
  <datafield tag="902" ind1=" " ind2=" ">
    <subfield code="a">TES</subfield>
  </datafield>
  <datafield tag="942" ind1=" " ind2=" ">
    <subfield code="2">lcc</subfield>
    <subfield code="c">TES</subfield>
  </datafield>
  <datafield tag="999" ind1=" " ind2=" ">
    <subfield code="c">5766</subfield>
    <subfield code="d">5766</subfield>
  </datafield>
  <datafield tag="952" ind1=" " ind2=" ">
    <subfield code="0">0</subfield>
    <subfield code="1">0</subfield>
    <subfield code="4">0</subfield>
    <subfield code="7">0</subfield>
    <subfield code="a">BRCA</subfield>
    <subfield code="b">BRCA</subfield>
    <subfield code="d">2011-05-24</subfield>
    <subfield code="l">0</subfield>
    <subfield code="o">G1549 .U55 1996</subfield>
    <subfield code="p">TES00045</subfield>
    <subfield code="r">2019-03-22 00:00:00</subfield>
    <subfield code="w">2019-03-22</subfield>
    <subfield code="y">TES</subfield>
  </datafield>
</record>
